000 00518nam a2200217Ia 4500
003 OSt
005 20220924133957.0
006 a|||||r|||| 00| 0
007 ta
008 220923b |||||||| |||| 00| 0 snd d
024 _a271409
037 _cTextual
040 _aARTS
_cARTS
_bsnd
041 _2snd
_asnd
082 _aL:5z62, 1593K5
100 _aKhilnani
_9206300
245 0 _aChahchita
260 _c1965
942 _hL:5z62, 1593K5
_cTEXL
_2CC
999 _c435903
_d435903